000 00409nam a2200121Ia 4500
008 240731s9999 xx 000 0 und d
022 _a1744-5167
245 0 _aVisual Impairment Research : The official publication of the International Society for Low-vision Research and Rehabilitation ISL
260 _bTaylor & Francis
856 _uhttps://www.tandfonline.com/loi/ivir20
942 _2ddc
942 _cTFEJ
999 _c80258
_d80258
945 _a1
_bMadushi Gamage
_c1
_dMadushi Gamage